Formacin̤ de nacin̤ y educacin̤

Detalles Bibliográficos
Autor principal: ℓlvarez Gallego, Alejandro
Formato: eBook
Lenguaje:español
Publicado: Bogot:̀ Siglo del Hombre Editores, 2010
Materias:
Acceso en línea:Acceso restringido

MARC

LEADER 00000nam a22000007a 4500
005 20210429205031.0
007 cr|||| ||||
008 210429s2010 co |||||s|||| 00||0 spa d
020 |a 978-958-665-155-4 
035 |a 33179 
040 |a vLex 
090 |c 11554  |d 11554 
100 1 |a ℓlvarez Gallego, Alejandro 
245 1 0 |a Formacin̤ de nacin̤ y educacin̤  |h [Recurso electrn̤ico] /  |c Alejandro ℓlvarez Gallego 
256 |a Servicio en ln̕ea 
260 |a Bogot:̀  |b Siglo del Hombre Editores,  |c 2010 
300 |a 1 recurso electrn̤ico 
500 |a -El mřito del enfoque de este libro es el de ir ms̀ all ̀para observar cm̤o los intentos por generar una idea secularizada de la nacionalidad colombiana dieron lugar a la creacin̤ de nuevas disciplinas cientf̕icas que se instalaron en el currc̕ulo escolar. La geografa̕ humana, la sociologa̕, la arqueologa̕ y otras ciencias sociales adquirieron carta de naturaleza en el transcurso de esta primera mitad del siglo XX, instalǹdose de formas diversas en el currc̕ulo de las escuelas, de los colegios de enseąnza secundaria, en las instituciones que formaron a los docentes y en la universidad.- Gabriela Ossenbach 
506 1 |a Disponible solo en los productos indicados  |d vLex Global  |d vLex Global (Academic Edition, excluding Law Schools)  |d vLex Global (U.S. Academic Edition, Law Schools)  |d vLex Global (U.S. Academic Edition, excluding Law Schools)  |d vLex Global (Academic Edition, Law Schools) 
650 |a Educacin̤  |z Colombia 
740 0 |a vLex Libros (Servicio en ln̕ea) 
856 4 0 |u https://vlex.com/source/formacion-de-nacion-y-educacion-33179  |z Acceso restringido 
942 |c BOOK 
999 0 |a Education